Осінні акварелі (Запис № 17295)

000 -Маркер запису
Контрольне поле сталої довжини 02007nam a22002537a 4500
003 - Належність контрольного номера
Контрольне поле Uzh_bibl
008 - Кодовані дані
Контрольне поле сталої довжини 260409b |||||||| |||| 00| 0 ukr d
020 ## - Індекс ISBN
Ціна 1.30
040 ## - Джерело каталогіз.
Служба первин.кат. укр.
041 ## - Код мови видання
Код мови оригіналу українська
Код мови тексту українська
080 ## - Індекс УДК
Індекс УДК 821(477)
090 ## - Шифри
Поличний індекс 821(477)
Авторський знак П 52
100 ## - Автор
Автор Полонський, Радій
245 ## - Назва
Назва Осінні акварелі
Відповідальність Худож. М.С. Баликін
Фізичний носій Текст
260 ## - Вихідні дані
Місце видання Харків
Видавництво Прапор
Дата видання 1986
300 ## - Фізичний опис
Обсяг 296 с.
Тип одиниці В опр.
520 ## - Анотація
Анотація У романі "Осінні акварелі" перегукуються події воєнної пори і сучасності, трактуються гострі морольно-етичні проблеми, з якими стикаються в наші дні герої - в минулому фронтові розвідники.<br/>Дія повісті "Коротке замикання", як і роману, відбувається в Карпатах у наш час. У цій гостросюжетній оповіді читач зустрінеться з Данилом Демчиком - одним з персонажів "Осінніх акварелей".
521 ## - Примітка про цільове призначення
Примітка про цільове призначення Для широкого кола читачів
546 ## - Примітка про мову
Примітка про мову укр.
650 ## - Тематичні рубрики
Основна рубрика Літературно-художнє видання
Хронологічна підрубрика Період Другої світової війни (воєнне минуле героїв — фронтових розвідників); сучасність авторові — приблизно 1970–1980-ті роки
Географічна підрубрика Події книги розгортаються в Україні, зокрема в Карпатах
653 ## - Ключові слова
Ключові слова Війна
-- Карпати
-- Мораль
-- Розвідники
655 ## - Термін індексування — жанр/форма
Жанр/форма Роман (із воєнною та морально-психологічною проблематикою),повість (гостросюжетна, пригодницька)
Типове ділення Роман. Повість
942 ## - ADDED ENTRY ELEMENTS (KOHA)
Джерело класифікації чи схема поличного розташування
Koha item type Книги
Фонди
Статус вилучення Статус втрати/відсутності Джерело класифікації чи схема поличного розташування Статус пошкодження Тип обігу (не для випозичання) Постійне розташування Поточне розташування Розташування у відділі Дата надходження Інвентарний номер Total Checkouts Повний (примірниковий) шифр зберігання Штрих-код Date due Date last seen Date last checked out Дата, для якої чинна ціна заміни Тип одиниці (рівень примірника)
          Публічна бібліотека Публічна бібліотека Абонемент 09/04/2026 27252 1 821(477) 20142 14/05/2026 14/04/2026 14/04/2026 09/04/2026 Книги

Працює на АБІС Коха